000 00340nam a22001457a 4500
999 _c529849
_d529849
003 NUST
020 _a9780330452588
_qP/B.
038 _awaseem
082 _a823.914
_bHEW
100 _aHewson, David
_922779
245 _aDante's Numbers /
_cDavid Hewson
260 _aLondon :
_bPan Books,
_c2008.
300 _a525 p. ;
942 _2ddc
_cBK